<?xml version="1.0" encoding="UTF-8"?><?xml-stylesheet type="text/xsl" href="static/style.xsl"?><OAI-PMH xmlns="http://www.openarchives.org/OAI/2.0/" xmlns:xsi="http://www.w3.org/2001/XMLSchema-instance" xsi:schemaLocation="http://www.openarchives.org/OAI/2.0/ http://www.openarchives.org/OAI/2.0/OAI-PMH.xsd"><responseDate>2026-04-27T20:19:08Z</responseDate><request verb="GetRecord" identifier="oai:uvadoc.uva.es:10324/64263" metadataPrefix="marc">https://uvadoc.uva.es/oai/request</request><GetRecord><record><header><identifier>oai:uvadoc.uva.es:10324/64263</identifier><datestamp>2025-03-26T19:10:05Z</datestamp><setSpec>com_10324_1164</setSpec><setSpec>com_10324_931</setSpec><setSpec>com_10324_894</setSpec><setSpec>col_10324_1330</setSpec></header><metadata><record xmlns="http://www.loc.gov/MARC21/slim" xmlns:doc="http://www.lyncode.com/xoai" xmlns:xsi="http://www.w3.org/2001/XMLSchema-instance" xmlns:dcterms="http://purl.org/dc/terms/" xsi:schemaLocation="http://www.loc.gov/MARC21/slim http://www.loc.gov/standards/marcxml/schema/MARC21slim.xsd">
<leader>00925njm 22002777a 4500</leader>
<datafield tag="042" ind1=" " ind2=" ">
<subfield code="a">dc</subfield>
</datafield>
<datafield tag="720" ind1=" " ind2=" ">
<subfield code="a">Redondo Cardeñoso, Jesús Ángel</subfield>
<subfield code="e">author</subfield>
</datafield>
<datafield tag="260" ind1=" " ind2=" ">
<subfield code="c">2020</subfield>
</datafield>
<datafield tag="520" ind1=" " ind2=" ">
<subfield code="a">El presente artículo analiza la proliferación de organizaciones profesionales agrarias en Valladolid durante la Transición. Para ello utiliza prensa provincial (El Norte de Castilla) y nacional (El País), documentación del Gobierno Civil y algunos testimonios orales de protagonistas de la época. En primer lugar, se realiza un repaso al panorama general del sindicalismo agrario en el país durante el período. Después, el texto se centra en el análisis de los antecedentes, creación y primera evolución de los sindicatos agrarios surgidos en la provincia de Valladolid tras la dictadura franquista, tanto conservadores como progresistas, así como el proceso de integración de estos en la nueva estructura sindical agraria imperante entre 1977 y 1980. El artículo no solo pretende mostrar que la cuenca del Duero vivió una intensa movilización sindical agraria durante la Transición, sino también que esa sindicalización agraria fue responsabilidad tanto de sectores progresistas, como de sectores conservadores. /&#xd;
This article analyses the proliferation of professional agricultural organizations in Valladolid during the Transition. For this, it uses provincial and national press (El Norte de Castilla, El País), documentation of the Civil Government, and some oral testimonies. First, it carries out a brief bibliographic review of the general context of the agricultural unionism in Spain during the studied period. Then, the text analyses the background, creation, and first evolution of the agricultural unions created in the province of Valladolid after the Francoist dictatorship, and the integration of these farmers’ associations in the new agricultural trade union structure that existed between 1977 and 1980. The objectives of the article are to show that the farmers from the Duero basin led an intense union mobilisation during the Transition and that that unionisation was driven not only by progressive but also by conservative ideological groups.</subfield>
</datafield>
<datafield tag="024" ind2=" " ind1="8">
<subfield code="a">Historia y Política, 2020, 44, pp. 337-368</subfield>
</datafield>
<datafield tag="024" ind2=" " ind1="8">
<subfield code="a">1575-0361</subfield>
</datafield>
<datafield tag="024" ind2=" " ind1="8">
<subfield code="a">https://uvadoc.uva.es/handle/10324/64263</subfield>
</datafield>
<datafield tag="024" ind2=" " ind1="8">
<subfield code="a">10.18042/hp.44.12</subfield>
</datafield>
<datafield tag="024" ind2=" " ind1="8">
<subfield code="a">337</subfield>
</datafield>
<datafield tag="024" ind2=" " ind1="8">
<subfield code="a">44</subfield>
</datafield>
<datafield tag="024" ind2=" " ind1="8">
<subfield code="a">368</subfield>
</datafield>
<datafield tag="024" ind2=" " ind1="8">
<subfield code="a">Historia y Política</subfield>
</datafield>
<datafield ind1=" " ind2=" " tag="653">
<subfield code="a">Historia - Siglo XX</subfield>
</datafield>
<datafield ind1=" " ind2=" " tag="653">
<subfield code="a">Historia de Valladolid</subfield>
</datafield>
<datafield tag="245" ind1="0" ind2="0">
<subfield code="a">Lluvia de siglas en el campo: el sindicalismo agrario en la provincia de Valladolid durante la Transición (1975-1980)</subfield>
</datafield>
</record></metadata></record></GetRecord></OAI-PMH>